<?xml version="1.0" encoding="UTF-8"?>
<record
    xmlns:xsi="http://www.w3.org/2001/XMLSchema-instance"
    xsi:schemaLocation="http://www.loc.gov/MARC21/slim http://www.loc.gov/standards/marcxml/schema/MARC21slim.xsd"
    xmlns="http://www.loc.gov/MARC21/slim">

  <leader>00610nam a22001817a 4500</leader>
  <controlfield tag="003">UA-OsUOA</controlfield>
  <controlfield tag="001"> 6463 </controlfield>
  <controlfield tag="007">ta</controlfield>
  <controlfield tag="008">20040520b un ||||| |||| 00| 0 ukr d</controlfield>
  <datafield tag="100" ind1=" " ind2=" ">
    <subfield code="a">&#x41C;&#x430;&#x442;&#x43A;&#x43E;&#x431;&#x43E;&#x436;&#x438;&#x43A; &#x41C;.</subfield>
  </datafield>
  <datafield tag="942" ind1=" " ind2=" ">
    <subfield code="c">SA</subfield>
  </datafield>
  <datafield tag="040" ind1=" " ind2=" ">
    <subfield code="a">UA-OsUOA</subfield>
    <subfield code="c">UA-OsUOA</subfield>
    <subfield code="d">UA-OsUOA</subfield>
  </datafield>
  <datafield tag="245" ind1=" " ind2=" ">
    <subfield code="a">&#x417;&#x446;&#x456;&#x43B;&#x435;&#x43D;&#x43D;&#x44F; &#x43B;&#x44E;&#x431;&#x43E;&#x432; : [ &#x420;&#x435;&#x446;. &#x43D;&#x430; &#x43F;&#x43E;&#x432;&#x456;&#x441;&#x442;&#x44C; &#x406;&#x433;&#x43E;&#x440;&#x44F; &#x41F;&#x430;&#x432;&#x43B;&#x44E;&#x43A;&#x430; " &#x411;&#x456;&#x43E;&#x433;&#x440;&#x430;&#x444;&#x456;&#x44F; &#x434;&#x435;&#x440;&#x435;&#x432;&#x430; &#x43F;&#x43B;&#x435;&#x43C;&#x435;&#x43D;&#x456; &#x43F;&#x43E;&#x435;&#x442;&#x456;&#x432; " ]</subfield>
  </datafield>
  <datafield tag="300" ind1=" " ind2=" ">
    <subfield code="a">&#x421;.6</subfield>
  </datafield>
  <datafield tag="955" ind1=" " ind2=" ">
    <subfield code="a">0</subfield>
  </datafield>
  <datafield tag="773" ind1="0" ind2=" ">
    <subfield code="w">0</subfield>
    <subfield code="t">&#x41B;&#x456;&#x442;&#x435;&#x440;&#x430;&#x442;&#x443;&#x440;&#x43D;&#x430; &#x423;&#x43A;&#x440;&#x430;&#x456;&#x43D;&#x430;</subfield>
    <subfield code="d">&#x41A;&#x438;&#x457;&#x432;</subfield>
    <subfield code="d">2004</subfield>
    <subfield code="g">&#x2116;18</subfield>
  </datafield>
  <datafield tag="650" ind1=" " ind2="7">
    <subfield code="a">&#x41B;&#x456;&#x442;&#x435;&#x440;&#x430;&#x442;&#x443;&#x440;&#x43E;&#x437;&#x43D;&#x430;&#x432;&#x441;&#x442;&#x432;&#x43E;</subfield>
    <subfield code="2">UDC</subfield>
  </datafield>
  <datafield tag="999" ind1=" " ind2=" ">
    <subfield code="c">292624</subfield>
    <subfield code="d">292624</subfield>
  </datafield>
</record>
